书目信息 |
| 题名: |
中华千字歌
|
|
| 作者: | 艾玉成 著 | |
| 分册: | ||
| 出版信息: | 北京 北京大学出版社 1996 |
|
| 页数: | 168页 | |
| 开本: | 19cm | |
| 丛书名: | ||
| 单 册: | ||
| 中图分类: | H194.3 | |
| 科图分类: | ||
| 主题词: | 汉语--现代--启蒙读物 | |
| 电子资源: | ||
| ISBN: | 7-301-03087-8 | |
| 000 | 00552nam0 2200205 45 | |
| 001 | 0197034384 | |
| 005 | 20061018092754.59 | |
| 010 | @a7-301-03087-8@dCNY6.50 | |
| 100 | @a19971017d1996 am y0chiy0121 ea | |
| 101 | 0 | @achi |
| 102 | @aCN@b110000 | |
| 105 | @afg z 000gy | |
| 200 | 10 | @a中华千字歌@Azhong hua qian zi ge@f艾玉成著 |
| 210 | @a北京@c北京大学出版社@d1996 | |
| 215 | @a168页@c插图@d19cm | |
| 606 | @a汉语@z现代@x启蒙读物 | |
| 690 | @aH194.3@v3 | |
| 701 | 0 | @a艾玉成@Aai yu cheng@4著 |
| 801 | 0 | @aCN@bTSSF@c20061018 |
| 905 | @a10447@dH194.3@e198 | |
| 中华千字歌/艾玉成著.-北京:北京大学出版社,1996 |
| 168页:插图;19cm |
| ISBN 7-301-03087-8:CNY6.50 |
| ● |
| 相关链接 |
|
|
|
|
正题名:中华千字歌
索取号:H194.3/198
 
预约/预借
| 序号 | 登录号 | 条形码 | 馆藏地/架位号 | 状态 | 备注 |
| 1 | 0502728 | 205027282 | 密集书库/ [索取号:H194.3/198] | 在馆 |